Prevenció de maltractaments a l'infància en famílies monoparentals /
Descripción Física:
94 pàgines ; 30 cm
Idioma:
Catalán
MARC
| LEADER | 00000nam a2200000 a 4500 | ||
|---|---|---|---|
| 001 | 26474 | ||
| 008 | 220816s1998 spa||||| |||| 00| 0 cat d | ||
| 080 | |a Bib-900 | ||
| 100 | 1 | |9 54177 |a Prat i Huart, M. Àngels |e autor | |
| 245 | 1 | 0 | |a Prevenció de maltractaments a l'infància en famílies monoparentals / |c M. Àngels Prat i Huar |
| 260 | |a Barcelona : |b l'autora, |c gener 1998 | ||
| 300 | |a 94 pàgines ; |c 30 cm | ||
| 650 | 0 | |9 21834 |a Maltractament infantil |x Prevenció | |
| 650 | 0 | |9 54178 |a Famílies monoparentals | |
| 942 | |2 udc |c ARXIU |n 1 | ||
| 952 | |0 0 |1 0 |4 0 |6 BIB900 |7 1 |9 63457 |a Arxiu |b Arxiu |d 2022-08-16 |l 0 |o Bib-900 |p 26474 |r 2022-08-16 00:00:00 |w 2022-08-16 |y ARXIU | ||
| 999 | |c 82590 |d 82590 | ||